000 01920nam0a2200373 4500
001 RU\NLR\BIBL_A\022262030
005 20240916160542.0
010 _a978-5-00217-286-3
_9999
021 _aRU
_bКН-П-24-028873
_9КН-П-24-2944
035 _a(NLR Aleph) 022262030
090 _a13538059
_c13538059
100 _a20240626d2024 k y0rusy50 ca
101 0 _aeng
_arus
102 _aRU
105 _aa|||z|||000yy
181 0 _ai3
_baxxe
182 0 _an
200 1 _aО вычислении параметров процессов на Марковских цепях на основе аппроксимации плотностей вероятностей перехода экспоненциальными функциями
_dProcess parameters calculation in Markov chains based on approximation of the transition probability densities by exponential functions
_fАлександр Мартынюк
_zeng
203 _aТекст
_bвизуальный
_cнепосредственный
210 _aМосква
_cЭдитус
_d2024
215 _a228 с.
_cил., табл.
_d21
300 _aАвт. также на англ. яз.: Alexander Martyniuk
300 _aТекст англ., рус.
320 _aБиблиогр.: с. 82 (1 назв.)
333 _a16+
510 1 _6z92790
_aProcess parameters calculation in Markov chains based on approximation of the transition probability densities by exponential functions
_zeng
606 1 _aМарковские процессы (теор. вероятн.)
_xРасчёт
_xИтерационные методы
_2nlr_sh2
_3RU\NLR\AUTH\6601744612
686 1 _aВ192.147
700 1 _aМартынюк
_bА. М.
_gАлександр Михайлович
790 1 _6z92510
_aMartynjuk
_bA. M.
_gAleksandr Michajlovič
942 _cBOOK
980 _aNB